Od potrieb cez spotrebu k teórii životnej úrovne Výber z práce Teoreticko-metodologické prístupy k analýzam sociálneho rozvoja

Saved in:
Bibliographic Details
Main Author: Ondrčka, Pavol
Format: Book
Language:Slovak
Published: Bratislava [s.n.] 1988
Edition:1. vyd.
Subjects:
Tags: Add Tag
No Tags, Be the first to tag this record!

MARC

LEADER 00000nam a2200000 4500
001 c002735
005 20240417123008.5
041 0 |a slo 
044 |a SK 
245 1 0 |a Od potrieb cez spotrebu k teórii životnej úrovne  |b Výber z práce Teoreticko-metodologické prístupy k analýzam sociálneho rozvoja  |c Pavol Ondrčka 
250 |a 1. vyd. 
264 1 |a Bratislava  |b [s.n.]  |c 1988 
300 |a 169 s. 
610 2 0 |a úroveň životná 
610 2 0 |a potreby 
610 2 0 |a rozvoj sociálny 
610 2 0 |a spotreba obyvateľstva 
610 2 0 |a demografia 
610 2 0 |a spotrebitelia 
610 2 0 |a hodnota úžitková 
610 2 0 |a analýza sociálna 
100 1 |a Ondrčka, Pavol